000 00680nam a2200133Ia 4500
008 171212s9999 xx 000 0 und d
020 _a9780874217568
100 _aWatt, Ronald G.
245 _cWatt, Ronald G.
_aMormon Passage of George D. Watt
_bFirst British Convert, Scribe for Zion
260 _bUniversity Press of Colorado
_c2009
650 _aHistory
650 _aWatt, G. D. (George Darling), 1812-1881; Mormon converts -- England -- Biography; Ex-church members -- Church of Jesus Christ of Latter-Day Saints -- Biography; Ex-church members -- United States -- Biography; Spiritualists -- United States -- Biography
856 _uwww.jstor.org/stable/10.2307/j.ctt4cgrhc
999 _c353113
_d353113